Statistics for -EEP Words

Click here to take the quiz!

General Stats

  • This quiz has been taken 16 times
  • The average score is 12 of 16

Answer Stats

DefinitionAnswer% Correct
A small, sturdy motor vehicle with four-wheel drive, especially one used by the militaryJeep
100%
To cryWeep
100%
A short, single, high-pitched tone, generally made by a computer or other machineBeep
93%
To move slowly and carefully in order to avoid being heard or noticedCreep
93%
A state characterized by reduced mobility, rapid eye movement and altered consciousnessSleep
93%
Stairs, slope or angle rising or falling sharply; nearly perpendicularSteep
87%
A domesticated ruminant animalSheep
80%
A shrill squeaky cry made by a young birdCheep
73%
A quick or furtive lookPeep
73%
To leak slowly through porous material or small holesSeep
73%
Extending far down from the top or surfaceDeep
67%
A tent, traditionally made of animal skins and wooden polesTeePee
67%
A small item kept in memory of the person who gave it or originally owned itKeepsake
60%
ApiaristBeekeeper
53%
SomnambulistSleepwalker
53%
A type of contest where a prize or prizes may be awardedSweepstakes
33%

Score Distribution

Percentile by Number Answered

Percent of People with Each Score

Your Score History

You have not taken this quiz